LEADER 00982nam--2200373---450- 001 990003352220203316 005 20091124132250.0 010 $a0-85115-075-6 035 $a000335222 035 $aUSA01000335222 035 $a(ALEPH)000335222USA01 035 $a000335222 100 $a20091124d1977----km-y0itay50------ba 101 $aeng 102 $aGB 105 $a||||||||001yy 200 1 $aBy mourning tongues$estudies in English elegy$fEric Smith 210 $aIpswich$cBoydell Press [etc.]$d1977 215 $a149 p.$d23 cm 410 0$12001 454 1$12001 461 1$1001-------$12001 606 0 $aElegia 606 $aPoesia inglese$xStoria e critica 676 $a821.04 700 1$aSMITH,$bEric$0606796 801 0$aIT$bsalbc$gISBD 912 $a990003352220203316 951 $aII.2.B.468$b5115 DSLL 959 $aBK 969 $aDSLL 979 $aDSLL$b90$c20091124$lUSA01$h1322 996 $aBy mourning tongues$91124398 997 $aUNISA LEADER 01673oam 2200505M 450 001 9910715673203321 005 20191121065731.6 035 $a(CKB)5470000002513330 035 $a(OCoLC)1065818824 035 $a(OCoLC)995470000002513330 035 $a(EXLCZ)995470000002513330 100 $a20070221d1838 ua 0 101 0 $aeng 135 $aurcn||||||||| 181 $ctxt$2rdacontent 182 $cc$2rdamedia 183 $acr$2rdacarrier 200 10$aBureau officers. January 9, 1838. Read and laid on the table 210 1$a[Washington, D.C.] :$c[publisher not identified],$d1838. 215 $a1 online resource (1 page) 225 1 $aHouse report / 25th Congress, 2nd session. House ;$vno. 328 225 1 $a[United States congressional serial set ] ;$v[serial no. 333] 300 $aBatch processed record: Metadata reviewed, not verified. Some fields updated by batch processes. 300 $aFDLP item number not assigned. 606 $aCompensation (Law) 606 $aCompensation (Law)$zChina 606 $aMilitary pay 606 $aArmies$xStaffs 606 $aArmed Forces$xOfficers 608 $aLegislative materials.$2lcgft 615 0$aCompensation (Law) 615 0$aCompensation (Law) 615 0$aMilitary pay. 615 0$aArmies$xStaffs. 615 0$aArmed Forces$xOfficers. 701 $aKemble$b Gouverneur$f1786-1875$pDemocrat (NY)$01397054 801 0$bWYU 801 1$bWYU 801 2$bOCLCO 801 2$bOCLCQ 801 2$bOCLCO 906 $aBOOK 912 $a9910715673203321 996 $aBureau officers. January 9, 1838. Read and laid on the table$93458215 997 $aUNINA